Finite Element Analysis of Reinforced Concrete Structures (Record no. 858)
[ view plain ]
| 000 -LEADER | |
|---|---|
| fixed length control field | 00360 a2200109 4500 |
| 020 ## - INTERNATIONAL STANDARD BOOK NUMBER | |
| International Standard Book Number | 087031064X |
| 082 ## - DEWEY DECIMAL CLASSIFICATION NUMBER | |
| Classification number | 620.136 ACI |
| 100 ## - MAIN ENTRY--PERSONAL NAME | |
| Personal name | Willam, kaspar |
| 245 ## - TITLE STATEMENT | |
| Title | Finite Element Analysis of Reinforced Concrete Structures |
| Statement of responsibility, etc. | Editors, Kaspar Willam, Tada aki Tanabe |
| 260 ## - PUBLICATION, DISTRIBUTION, ETC. | |
| Place of publication, distribution, etc. | Michigan : |
| Name of publisher, distributor, etc. | American Concrete Institute, |
| Date of publication, distribution, etc. | 2001 |
| 300 ## - PHYSICAL DESCRIPTION | |
| Extent | viii, 398p. : |
| Other physical details | ill. ; |
| Dimensions | 21 cm |
| 650 ## - SUBJECT ADDED ENTRY--TOPICAL TERM | |
| Topical term or geographic name entry element | Concrete |
| Withdrawn status | Lost status | Damaged status | Not for loan | Permanent Location | Current Location | Shelving location | Date acquired | Total Checkouts | Total Renewals | Full call number | Barcode | Date last seen | Date last checked out | Price effective from | Koha item type |
|---|---|---|---|---|---|---|---|---|---|---|---|---|---|---|---|
| School of Civil and Environmental Engineering (SCEE) | School of Civil and Environmental Engineering (SCEE) | 1 | 1 | 620.136 ACI | NIT-836 | 10/19/2023 | 10/22/2019 | 01/05/2017 | Book |
